Statystyki dla Ustrój Stanów Zjednoczonych

Kliknij tutaj aby rozwiązać quiz!

Ogólne statystyki

  • Ten quiz został rozwiązany 56 razy
    (41 od ostatniego zresetowania)
  • Średni wynik to 6 z 10

Statystyki odpowiedzi

HintOdpowiedź% Poprawnych
Ile lat trwa kadencja prezydencka?4
92%
Ile lat musi ukończyć kandydat na prezydenta USA?35
84%
Kto jest aktualnym prezydentem Usa?Donald Trump
81%
W którym roku kończy się kadencja aktualnego prezydenta Stanów Zjednoczonych?2020
70%
Kiedy miało miejsce uchwalenie konstytucji Stanów Zjednoczonych?1787
57%
Kto był pierwszym prezydentem Stanów Zjednoczonych?George Washington
54%
Ile lat musi mieszkać kandydat na prezydenta w Stanach zjednoczonych?14
43%
Jaki podział terytorialny ma USA?Stanowy
32%
Kiedy w życie weszła ostatnia poprawka konstytucji Stanów Zjednoczonych?1992
30%
Jakim państwem są Stany Zjednoczone?Federalnym
30%

Rozkład punktacji

Percentyl według liczby udzielonych odpowiedzi

Procent ludzi z każdym wynikiem

Twoja historia wyników

Nie rozwiązałeś tego quizu od ostatniego zresetowania